Molecular Shapes - Statistics

General Stats
  • This quiz has been taken 24 times
  • The average score is 10 of 13
Answer Stats
Hint Answer % Correct
Two electron domains including zero lone pairs. Linear
100%
Five electron domains including three lone pairs. Linear
100%
Three electron domains including one lone pair. Bent
92%
Four electron domains including two lone pairs. Bent
92%
Four electron domains including zero lone pairs. Tetrahedral
85%
Six electron domains including zero lone pairs. Octahedral
77%
Five electron domains including one lone pair. Seesaw
69%
Three electron domains including zero lone pairs. Trigonal Planar
69%
Four electron domains including one lone pair. Trigonal Pyramidal
69%
Six electron domains including one lone pair. Square Pyramidal
62%
Five electron domains including zero lone pairs. Trigonal Bipyramidal
62%
Six electron domains including two lone pairs. Square Planar
46%
Five electron domains including two lone pairs. T Shaped
46%
No matching quizzes found
Score Distribution
Percent of People with Each Score
Percentile by Number Answered
Your Score History
You have not taken this quiz